<?xml version="1.0" encoding="UTF-8"?>
<record
    xmlns:xsi="http://www.w3.org/2001/XMLSchema-instance"
    xsi:schemaLocation="http://www.loc.gov/MARC21/slim http://www.loc.gov/standards/marcxml/schema/MARC21slim.xsd"
    xmlns="http://www.loc.gov/MARC21/slim">

  <leader>00349nam a2200121Ia 4500</leader>
  <controlfield tag="008">180130s9999||||xx |||||||||||||| ||und||</controlfield>
  <datafield tag="020" ind1=" " ind2=" ">
    <subfield code="c">NT220</subfield>
    <subfield code="a">978-986-320-770-2</subfield>
  </datafield>
  <datafield tag="100" ind1=" " ind2=" ">
    <subfield code="a">&#x65BD;&#x632F;&#x69AE;</subfield>
  </datafield>
  <datafield tag="245" ind1=" " ind2="0">
    <subfield code="c">&#x65BD;&#x632F;&#x69AE;</subfield>
    <subfield code="a">&#x65B0;&#x6642;&#x4EE3;&#x2027;&#x5FC3;&#x738B;&#x9053;&#xFF1A;&#x5275;&#x9020;&#x50F9;&#x503C;.&#x5229;&#x76CA;&#x5E73;&#x8861;.&#x6C38;&#x7E8C;&#x7D93;&#x71DF;</subfield>
  </datafield>
  <datafield tag="250" ind1=" " ind2=" ">
    <subfield code="a">&#x7B2C;&#x4E00;&#x7248;</subfield>
  </datafield>
  <datafield tag="260" ind1=" " ind2=" ">
    <subfield code="c">2015.08</subfield>
    <subfield code="a">&#x53F0;&#x5317;&#x5E02;</subfield>
  </datafield>
  <datafield tag="300" ind1=" " ind2=" ">
    <subfield code="c"> cm.</subfield>
    <subfield code="a"> p.</subfield>
  </datafield>
  <datafield tag="942" ind1=" " ind2=" ">
    <subfield code="2">ccl</subfield>
    <subfield code="c">BOOK</subfield>
  </datafield>
  <datafield tag="999" ind1=" " ind2=" ">
    <subfield code="c">810</subfield>
    <subfield code="d">810</subfield>
  </datafield>
  <datafield tag="952" ind1=" " ind2=" ">
    <subfield code="0">0</subfield>
    <subfield code="1">0</subfield>
    <subfield code="2">ccl</subfield>
    <subfield code="4">0</subfield>
    <subfield code="7">0</subfield>
    <subfield code="a">yeezen</subfield>
    <subfield code="b">yeezen</subfield>
    <subfield code="d">2018-01-30</subfield>
    <subfield code="l">0</subfield>
    <subfield code="o">494 </subfield>
    <subfield code="p">C02281</subfield>
    <subfield code="r">2018-01-30 00:00:00</subfield>
    <subfield code="t">c.1</subfield>
    <subfield code="w">2018-01-30</subfield>
    <subfield code="y">BOOK</subfield>
    <subfield code="z">&#x300C;&#x738B;&#x9053;&#xFF0C;&#x662F;&#x6211;&#x9019;&#x8F29;&#x5B50;&#x90FD;&#x5728;&#x5BE6;&#x8E10;&#x7684;&#x771F;&#x7406;&#xFF0C;&#x5982;&#x540C;&#x4E9E;&#x91CC;&#x65AF;&#x591A;&#x5FB7;&#x6240;&#x8AAA;&#x7684;&#xFF1A;&#x300E;&#x543E;&#x611B;&#x543E;&#x5E2B;&#xFF0C;&#x543E;&#x5C24;&#x611B;&#x771F;&#x7406;&#x300F;&#x3002;&#x53EA;&#x662F;&#xFF0C;&#x56DB;&#x5341;&#x5E74;&#x524D;&#x7684;&#x6211;&#xFF0C;&#x53EA;&#x80FD;&#x96B1;&#x7D04;&#x611F;&#x89BA;&#x81EA;&#x5DF1;&#x8D70;&#x5728;&#x5C0D;&#x7684;&#x65B9;&#x5411;&#xFF1B;&#x56DB;&#x5341;&#x5E74;&#x5F8C;&#xFF0C;&#x5B83;&#x7ADF;&#x6210;&#x4E86;&#x6211;&#x8B1D;&#x5E55;&#xFF08;&#x9000;&#x4F11;&#xFF09;&#x5F8C;&#xFF0C;&#x4E0D;&#x5F97;&#x4E0D;&#x91CD;&#x62AB;&#x6230;&#x888D;&#xFF0C;&#x518D;&#x767B;&#x821E;&#x53F0;&#x7684;&#x738B;&#x724C;&#xFF01;&#x300D;&#x7D2F;&#x7A4D;&#x56DB;&#x5341;&#x5E74;&#x7684;&#x7D93;&#x9A57;&#xFF0C;&#x65BD;&#x632F;&#x69AE;&#x5E0C;&#x671B;&#x900F;&#x904E;&#x738B;&#x9053;&#xFF0C;&#x5E6B;&#x52A9;&#x53F0;&#x7063;&#x6210;&#x70BA;&#x83EF;&#x4EBA;&#x512A;&#x8CEA;&#x751F;&#x6D3B;&#x5178;&#x7BC4;&#x3002;</subfield>
  </datafield>
</record>
